Atyrau Airport Destinations (Atyrau, Kazakhstan) - Statistics

General Stats
  • This quiz has been taken 22 times
    10 since last reset
  • The average score is 8 of 16
Answer Stats
Airline Destination % Correct
Air Astana/FlyArystan/SCAT Airlines Almaty
89%
Air Astana/FlyArystan/SCAT Airlines Astana
89%
Aeroflot Moscow (Sheremetyevo)
78%
FlyArystan/Qazaq Air Aqtöbe
67%
FlyArystan Aqtau
56%
Air Astana Baku
56%
Air Astana Dubai (International)
56%
Air Astana Istanbul
56%
FlyArystan Antalya
44%
FlyArystan Şymkent
44%
Air Astana Tbilisi
44%
Air Astana Amsterdam
33%
FlyArystan Kutaisi
33%
FlyArystan Sharm El Sheikh
33%
FlyArystan/Qazaq Air Oral
22%
SCAT Airlines Taraz
22%
No matching quizzes found
Score Distribution
Percent of People with Each Score
Percentile by Number Answered
Your Score History
You have not taken this quiz since the last reset